LEADER 01168nam0 22002891i 450 001 UON00278772 005 20231205103827.998 010 $a88-88040-92-7 100 $a20060615d2005 |0itac50 ba 101 $aita 102 $aIT 105 $a|||| ||||| 200 1 $aRegionalismo, sicurezza e sviluppo in Africa subsahariana$estoria e politica della Southern African Development Community$fArrigo Pallotti 205 $a1 ed 210 $aSan Marino$cAIEP$d2005 215 $a239 p.$cill.$d24 cm 606 $aAFRICA SUBSAHARIANA$xSviluppo economico$3UONC020523$2FI 620 $dSan Marino$3UONL002272 676 $a338.967$cSVILUPPO ECONOMICO DELL'AFRICA SUBSAHARIANA$v21 700 1$aPallotti$bArrigo$3UONV085899$0146942 712 $aAiep-Editore Snc$3UONV259085$4650 801 $aIT$bSOL$c20250516$gRICA 899 $aSIBA - SISTEMA BIBLIOTECARIO DI ATENEO$2UONSI 912 $aUON00278772 950 $aSIBA - SISTEMA BIBLIOTECARIO DI ATENEO$dSI SP 449 $eSI AA 28118 5 449 996 $aRegionalismo, sicurezza e sviluppo in Africa subsahariana$91246516 997 $aUNIOR